| 000 | 00614nam a22001937a 4500 | ||
|---|---|---|---|
| 999 |
_c168885 _d168885 |
||
| 005 | 20191030164055.0 | ||
| 010 | _aENG-126744 | ||
| 020 |
_a9789383623242 _c850.00 |
||
| 035 | _aEN-110275 | ||
| 037 | _bDBAD/PUB | ||
| 082 | _a658.7 | ||
| 100 | _aMathur, Akhil | ||
| 245 |
_aMaterial management / _cby Akhil Mathur |
||
| 260 |
_aDelhi _bGopal Publishers and Distributors _c2018 |
||
| 270 |
_a1/10390 Street No.9 Mohan Park _bNaveen Shahadra Delhi _e110032 _mgopalpublishersdistributors@gmail.com |
||
| 300 |
_avii;288p. _c22cm(Hb) |
||
| 500 | _aIncludes index | ||
| 942 |
_2ddc _cEN _h658.7 _mMAT |
||